| 000 | 01318nam a2200325Ia 4500 | ||
|---|---|---|---|
| 001 | ebr10135436 | ||
| 003 | CaPaEBR | ||
| 006 | m u | ||
| 007 | cr cn||||||||| | ||
| 008 | 030606s2004 nyu sb 101 0 eng d | ||
| 010 | _z 2003054932 | ||
| 020 | _z1403980209 | ||
| 020 | _z1403963320 | ||
| 040 |
_aCaPaEBR _cCaPaEBR |
||
| 035 | _a(OCoLC)647534900 | ||
| 050 | 1 | 4 |
_aDR1313 _b.R44 2004eb |
| 082 | 0 | 4 |
_a949.703 _221 |
| 245 | 0 | 0 |
_aReflections on the Balkan wars _h[electronic resource] : _bten years after the break-up of Yugoslavia / _cedited by Jeffrey S. Morton ... [et al.]. |
| 260 |
_aNew York : _bPalgrave Macmillan, _c2004. |
||
| 300 | _axv, 260 p. | ||
| 504 | _aIncludes bibliographical references and index. | ||
| 533 |
_aElectronic reproduction. _bPalo Alto, Calif. : _cebrary, _d2007. _nAvailable via World Wide Web. _nAccess may be limited to ebrary affiliated libraries. |
||
| 650 | 0 |
_aYugoslav War, 1991-1995 _vCongresses. |
|
| 651 | 0 |
_aYugoslavia _xHistory _y1992-2003 _vCongresses. |
|
| 651 | 0 |
_aBalkan Peninsula _xHistory _y20th century _vCongresses. |
|
| 655 | 7 |
_aElectronic books. _2local |
|
| 700 | 1 | _aMorton, Jeffrey S. | |
| 710 | 2 | _aebrary, Inc. | |
| 856 | 4 | 0 |
_uhttp://site.ebrary.com/lib/rucke/Doc?id=10135436 _zAn electronic book accessible through the World Wide Web; click to view |
| 999 |
_c85083 _d85083 |
||